[Event "Barcelona Sant Marti op 11th"]
[Site "Barcelona"]
[Date "2024.01.25"]
[Round "3"]
[White "Pujal Moncho, Joaquim"]
[Black "Costa Monteiro, Pedro"]
[Result "1-0"]
[WhiteElo "1663"]
[BlackElo "1242"]
[PlyCount "59"]
[EventDate "2024.01.11"]
[EventType "swiss"]
[EventRounds "9"]
[EventCountry "ESP"]
[SourceTitle "CB11_2024"]
[SourceDate "2024.03.13"]
[SourceVersion "1"]
[SourceVersionDate "2024.03.13"]
[SourceQuality "1"]

1. d4 f5 2. e3 Nf6 3. f4 e6 4. Nf3 d6 5. Bd3 Be7 6. 0-0 0-0 7. Nbd2 Nc6 8. c3 a5 9. h3 b6 10. Qc2 Bb7 11. e4 fxe4 12. Nxe4 Nxe4 13. Bxe4 g6 14. Be3 d5 15. Bxg6 hxg6 16. Qxg6+ Kh8 17. Qh6+ Kg8 18. Qxe6+ Kh8 19. Qh6+ Kg8 20. Ng5 Bxg5 21. fxg5 Qd6 22. g6 Qe7 23. Bg5 Qg7 24. Qh5 Nxd4 25. cxd4 Qxd4+ 26. Kh1 Rf2 27. Qh7+ Kf8 28. Bh6+ Ke8 29. Rae1+ Kd8 30. Qe7+ 1-0

[Event "Barcelona Sant Marti op-B 21st"]
[Site "Barcelona"]
[Date "2019.07.20"]
[Round "8"]
[White "Pujal Moncho, Joaquim"]
[Black "Torres Teruel, Joan"]
[Result "1/2-1/2"]
[WhiteElo "1797"]
[BlackElo "1455"]
[PlyCount "60"]
[EventDate "2019.07.13"]
[EventType "swiss"]
[EventRounds "9"]
[EventCountry "ESP"]
[SourceTitle "EXT 2020"]
[Source "ChessBase"]
[SourceDate "2019.10.17"]
[SourceVersion "1"]
[SourceVersionDate "2019.10.17"]
[SourceQuality "1"]

1. d4 e6 2. e3 Nf6 3. f4 d5 4. Nf3 Nbd7 5. Bd3 c5 6. c3 b6 7. Nbd2 Bb7 8. 0-0 Be7 9. Ne5 0-0 10. Qf3 Qc7 11. g4 g6 12. g5 Nh5 13. Qh3 Ng7 14. Ndf3 Nf5 15. Bxf5 exf5 16. Nxd7 Qxd7 17. Ne5 Qc7 18. Bd2 Rac8 19. Rac1 c4 20. Qg3 b5 21. a3 Qa5 22. h4 Qa4 23. Rf2 Rfd8 24. Rcf1 Bf8 25. h5 Bg7 26. Nf3 Qc2 27. Bc1 Qe4 28. Qh3 Rc7 29. Rh2 Bf8 30. Ne5 Re7 1/2-1/2

[Event "Barcelona Sant Marti op-B 21st"]
[Site "Barcelona"]
[Date "2019.07.19"]
[Round "7"]
[White "Gutierrez Palomino, Albert"]
[Black "Pujal Moncho, Joaquim"]
[Result "1-0"]
[WhiteElo "1941"]
[BlackElo "1797"]
[PlyCount "51"]
[EventDate "2019.07.13"]
[EventType "swiss"]
[EventRounds "9"]
[EventCountry "ESP"]
[SourceTitle "EXT 2020"]
[Source "ChessBase"]
[SourceDate "2019.10.17"]
[SourceVersion "1"]
[SourceVersionDate "2019.10.17"]
[SourceQuality "1"]

1. e4 d5 2. exd5 Qxd5 3. Nf3 Bg4 4. Be2 Nf6 5. d4 e6 6. 0-0 c6 7. c4 Qd8 8. Be3 Be7 9. Nbd2 0-0 10. Qb3 Qc7 11. Rac1 Rd8 12. Rfe1 Nbd7 13. g3 b6 14. Bf1 a5 15. Bg2 h6 16. Ne5 Nxe5 17. dxe5 Nh7 18. Bxb6 Qb7 19. Bxd8 Qxb3 20. Nxb3 Rxd8 21. Bxc6 Bb4 22. Re3 Ng5 23. a3 Bd2 24. Nxd2 Rxd2 25. Bg2 Rxb2 26. h4 1-0

[Event "Barcelona Sant Marti op-B 4th"]
[Site "Barcelona"]
[Date "2015.02.19"]
[Round "6"]
[White "Pujal Moncho, Joaquim"]
[Black "Cano Sevila, Ivan"]
[Result "0-1"]
[WhiteElo "1971"]
[BlackElo "2029"]
[PlyCount "102"]
[EventDate "2015.01.15"]
[EventType "swiss"]
[EventRounds "9"]
[EventCountry "ESP"]
[SourceTitle "EXT 2016"]
[Source "ChessBase"]
[SourceDate "2015.10.08"]
[SourceVersion "1"]
[SourceVersionDate "2015.10.08"]
[SourceQuality "1"]

1. c4 Nf6 2. d4 e6 3. Nc3 Bb4 4. Bd2 b6 5. Qc2 Bb7 6. Nf3 Bxc3 7. Bxc3 d6 8. g3 Nbd7 9. Bg2 Qe7 10. 0-0 0-0 11. Nd2 Bxg2 12. Kxg2 e5 13. dxe5 Nxe5 14. Bxe5 Qxe5 15. e3 Rfe8 16. Rad1 Rad8 17. Nf3 Qh5 18. Rd4 Nd7 19. Rh4 Qg6 20. Qxg6 hxg6 21. Rd4 Ne5 22. Rfd1 Nc6 23. R4d2 Re4 24. b3 Rde8 25. Nd4 Nxd4 26. Rxd4 R4e7 27. h4 a5 28. a4 f6 29. R1d2 Kf7 30. Re2 Re5 31. Rd3 Ke7 32. f3 Kd7 33. Kf2 Kc6 34. Rd4 Kc5 35. f4 Re4 36. Kf3 f5 37. Rxe4 fxe4+ 38. Kg4 Kb4 39. Kg5 Re6 40. g4 Kxb3 41. f5 gxf5 42. gxf5 Rf6 43. Rd2 c5 44. h5 Kxc4 45. Kf4 d5 46. Rg2 Rf7 47. Ke5 Kd3 48. Rg6 Kxe3 49. Ke6 Rc7 50. Kxd5 c4 51. Re6 Rc5+ 0-1

[Event "Barcelona Sant Marti op-B 4th"]
[Site "Barcelona"]
[Date "2015.02.05"]
[Round "4"]
[White "Salazar Navas, Josep"]
[Black "Pujal Moncho, Joaquim"]
[Result "1/2-1/2"]
[WhiteElo "1995"]
[BlackElo "1971"]
[PlyCount "197"]
[EventDate "2015.01.15"]
[EventType "swiss"]
[EventRounds "9"]
[EventCountry "ESP"]
[SourceTitle "EXT 2016"]
[Source "ChessBase"]
[SourceDate "2015.10.08"]
[SourceVersion "1"]
[SourceVersionDate "2015.10.08"]
[SourceQuality "1"]

1. e4 d5 2. exd5 Qxd5 3. Nc3 Qa5 4. Bc4 Nf6 5. d3 Bf5 6. Bd2 c6 7. Nd5 Qd8 8. Nxf6+ gxf6 9. g4 Be6 10. Bxe6 fxe6 11. g5 Qd5 12. Qh5+ Kd8 13. Nf3 Nd7 14. Bc3 Kc7 15. Kd2 Bg7 16. Qg4 Rag8 17. Rhe1 f5 18. Qf4+ Kc8 19. Ne5 Nxe5 20. Bxe5 Bxe5 21. Rxe5 Qd6 22. Rae1 Rg6 23. h4 Rhg8 24. Qe3 Qb4+ 25. Kc1 Qxh4 26. Rxe6 Qxg5 27. Rxe7 Qxe3+ 28. R1xe3 R8g7 29. Re8+ Kd7 30. Rb8 Kc7 31. Ra8 Rg2 32. Rf3 Rf7 33. Rxa7 f4 34. Ra5 Kd6 35. Rh5 Rg4 36. Kd2 Ke6 37. d4 Kf6 38. Kd3 Kg6 39. Re5 h5 40. Ke4 h4 41. Rh3 Rh7 42. Kf3 Rg5 43. Kxf4 Rf7+ 44. Ke3 Rg2 45. Rxh4 Rfxf2 46. Re6+ Kf7 47. Reh6 Rxc2 48. Rh7+ Rg7 49. Rf4+ Kg8 50. Rxg7+ Kxg7 51. Rf2 Rc1 52. Kd2 Rb1 53. Kc2 Re1 54. a4 Ra1 55. Kb3 Rd1 56. Kc3 Rc1+ 57. Rc2 Ra1 58. b3 Kf7 59. Kb4 Ke6 60. Kc5 Kd7 61. Kb6 Rb1 62. Rc3 Kc8 63. d5 Kd7 64. dxc6+ bxc6 65. a5 c5 66. Kxc5 Kc7 67. b4 Rf1 68. Kb5+ Kb7 69. a6+ Kb8 70. Kb6 Rf6+ 71. Rc6 Rf8 72. b5 Ka8 73. Rd6 Rg8 74. Kc7 Ka7 75. Rd7 Rb8 76. Kc6+ Ka8 77. Rc7 Rh8 78. Kd7 Rh7+ 79. Kd6 Rh6+ 80. Kc5 Rh5+ 81. Kb4 Rh4+ 82. Rc4 Rh1 83. b6 Rb1+ 84. Kc5 Ra1 85. a7 Kb7 86. Kb5 Rb1+ 87. Rb4 Ra1 88. Ra4 Rb1+ 89. Kc5 Rc1+ 90. Kb5 Rc8 91. Kb4 Rh8 92. Ra1 Rh4+ 93. Kc5 Rh5+ 94. Kd6 Rh6+ 95. Ke7 Rh7+ 96. Kf6 Rh6+ 97. Kf7 Rh8 98. Rf1 Kxb6 99. Rf2 1/2-1/2

[Event "Barcelona Sant Marti op-B 16th"]
[Site "Barcelona"]
[Date "2014.07.20"]
[Round "8"]
[White "Maltsev, Andrey"]
[Black "Pujal Moncho, Joaquim"]
[Result "1-0"]
[WhiteElo "1867"]
[BlackElo "1997"]
[PlyCount "109"]
[EventDate "2014.07.13"]
[EventType "swiss"]
[EventRounds "9"]
[EventCountry "ESP"]
[SourceTitle "CBM 161 Extra"]
[Source "ChessBase"]
[SourceDate "2014.08.29"]
[SourceVersion "1"]
[SourceVersionDate "2014.08.29"]
[SourceQuality "1"]

1. g3 d5 2. Nf3 Nf6 3. Bg2 c6 4. 0-0 e6 5. d3 Bd6 6. Bg5 Nbd7 7. e4 h6 8. Bxf6 Qxf6 9. Nc3 d4 10. Nb1 e5 11. Nbd2 Nb6 12. c3 c5 13. cxd4 cxd4 14. Nb3 0-0 15. Nfd2 Qe7 16. f4 f6 17. Nf3 Bg4 18. h3 Bxf3 19. Rxf3 Rac8 20. f5 Rc7 21. g4 Rfc8 22. Nd2 Rc2 23. Nc4 R2xc4 24. dxc4 Nxc4 25. Qb3 Kh7 26. Rf2 Ne3 27. Qd3 Qc7 28. Re1 Bb4 29. Rb1 Qb6 30. a3 Be7 31. Bf3 Rc5 32. Bd1 Qc7 33. Bb3 Bd6 34. Qe2 Qb6 35. Be6 Rc2 36. Qd3 Rc7 37. h4 Nxg4 38. Qg3 h5 39. Rg2 d3+ 40. Kh1 Qd4 41. Rd1 Qxe4 42. Bb3 Qe3 43. Rxd3 Rc1+ 44. Bd1 Qxg3 45. Rgxg3 Nf2+ 46. Kg2 Nxd3 47. Rxd3 Bc5 48. Rd7 Bd4 49. Bxh5 Rc2+ 50. Kg3 Rxb2 51. Bg6+ Kh6 52. Rd8 Bf2+ 53. Kf3 Bxh4 54. Rh8+ Kg5 55. Rh5# 1-0

[Event "Barcelona Sant Marti op-B 16th"]
[Site "Barcelona"]
[Date "2014.07.16"]
[Round "4"]
[White "Brunet Gil, Pol"]
[Black "Pujal Moncho, Joaquim"]
[Result "0-1"]
[WhiteElo "1880"]
[BlackElo "1997"]
[PlyCount "50"]
[EventDate "2014.07.13"]
[EventType "swiss"]
[EventRounds "9"]
[EventCountry "ESP"]
[SourceTitle "CBM 161 Extra"]
[Source "ChessBase"]
[SourceDate "2014.08.29"]
[SourceVersion "1"]
[SourceVersionDate "2014.08.29"]
[SourceQuality "1"]

1. e4 d5 2. exd5 Qxd5 3. Nc3 Qa5 4. d4 Nf6 5. Nf3 Bg4 6. h3 Bxf3 7. Qxf3 c6 8. Bc4 e6 9. Bd2 Qb6 10. Qd3 Bd6 11. 0-0 0-0 12. Rfe1 Nbd7 13. Bb3 Qc7 14. Ne4 Nxe4 15. Rxe4 Nf6 16. Rh4 g6 17. Qe3 Rfe8 18. Bc3 Bf8 19. d5 exd5 20. Qd3 Bg7 21. Bd2 Ne4 22. c3 Qe7 23. g3 Bf6 24. Rh6 Nxd2 25. h4 Nxb3 0-1

[Event "Barcelona Sant Marti op-B 16th"]
[Site "Barcelona"]
[Date "2014.07.15"]
[Round "3"]
[White "Pujal Moncho, Joaquim"]
[Black "Laszczak, Przemyslaw"]
[Result "0-1"]
[WhiteElo "1997"]
[BlackElo "1610"]
[PlyCount "64"]
[EventDate "2014.07.13"]
[EventType "swiss"]
[EventRounds "9"]
[EventCountry "ESP"]
[SourceTitle "CBM 161 Extra"]
[Source "ChessBase"]
[SourceDate "2014.08.29"]
[SourceVersion "1"]
[SourceVersionDate "2014.08.29"]
[SourceQuality "1"]

1. c4 c6 2. Nc3 d5 3. d4 Nf6 4. h3 e6 5. Bg5 Bd6 6. c5 Bc7 7. Nf3 0-0 8. Qc2 h6 9. Bd2 Nbd7 10. e3 e5 11. dxe5 Nxe5 12. Nxe5 Bxe5 13. Bd3 Be6 14. f4 Bc7 15. Ne2 Re8 16. g4 Ne4 17. 0-0-0 Nf2 18. Bc3 Nxd1 19. Kxd1 b6 20. Rg1 bxc5 21. f5 Bd7 22. f6 gxf6 23. h4 Be5 24. Bd2 Kg7 25. g5 fxg5 26. hxg5 hxg5 27. Nf4 Bxf4 28. exf4 g4 29. Qxc5 Qb6 30. Bc3+ f6 31. Bxf6+ Kxf6 32. Qd6+ Re6 0-1

[Event "Barcelona Sant Marti op 06th"]
[Site "Barcelona"]
[Date "2004.05.22"]
[Round "5"]
[White "Delgado Pico, Lluis"]
[Black "Pujal Moncho, Joaquim"]
[Result "1-0"]
[WhiteElo "2165"]
[BlackElo "2049"]
[PlyCount "89"]
[EventDate "2004.04.17"]
[EventType "swiss"]
[EventRounds "9"]
[EventCountry "ESP"]
[SourceTitle "CBM 100 Extra"]
[Source "ChessBase"]
[SourceDate "2004.07.06"]
[SourceVersion "2"]
[SourceVersionDate "2004.07.06"]
[SourceQuality "1"]

1. d4 d5 2. Nf3 e6 3. Bf4 f5 4. e3 Nf6 5. h3 Bd6 6. Ne5 Nbd7 7. Nd2 0-0 8. Bd3 Ne4 9. Ndf3 Ndf6 10. g4 Bd7 11. Rg1 Be8 12. gxf5 exf5 13. Bh6 Nh5 14. c3 Kh8 15. Bg5 Be7 16. h4 Nhf6 17. Qe2 Bh5 18. Qc2 Ng4 19. Rg2 Rc8 20. 0-0-0 h6 21. Rh1 Qe8 22. Bf4 c5 23. dxc5 Bxc5 24. Nxg4 Bxg4 25. Ne5 Bh5 26. Bxe4 dxe4 27. Rhg1 Rg8 28. Qb3 Bd6 29. Ng6+ Bxg6 30. Bxd6 Bf7 31. Qxb7 Kh7 32. Bf4 Qe6 33. a3 Rcd8 34. Qc7 Qa2 35. Rxg7+ Rxg7 36. Rxg7+ Kxg7 37. Qxd8 Qa1+ 38. Kc2 Qa2 39. Qc7 Qb3+ 40. Kc1 Qa2 41. Qe5+ Kg8 42. Bxh6 Qa1+ 43. Kc2 Qg1 44. Qxf5 Bc4 45. Qg5+ 1-0